000 00483nam a2200205Ia 4500
003 OSt
005 20220826104834.0
008 210210b1964 xxu||||| |||| 00| 0 eng d
040 _cAL
041 _aeng
082 _a311/5
100 _aASTHANA (B N)
_955531
245 _aElements of statistics
250 _a4
260 _aAlahabad
_bChaitanya Publishing House
_c1964
300 _a541
690 _aMathematical Statistics
_955532
906 _a001711
942 _2ddc
_cBK
999 _c116579
_d116579